Click the Capitals: A Quiz Stats

 Plays Quiz Updated Mar 19, 2016

Challenge
Share
Tweet
Score 0/16 Timer 02:00
17 Plays Today
% Correct
Amsterdam
95.8%
Athens
95.2%
Andorra la Vella
90.1%
Algiers
89.5%
Ankara
88.1%
AsunciĆ³n
87%
Abu Dhabi
86%
Amman
75.8%
% Correct
Addis Ababa
71.7%
Astana
68%
Abuja
67.8%
Ashgabat
67.4%
Antananarivo
67.2%
Apia
62.5%
Accra
61.5%
Asmara
58.1%

You're not logged in!

Compare scores with friends on all Sporcle quizzes.
Join for Free
OR
Log In

You Might Also Like...

Show Comments

Extras

Top Quizzes Today


Score Distribution

Your Account Isn't Verified!

In order to create a playlist on Sporcle, you need to verify the email address you used during registration. Go to your Sporcle Settings to finish the process.

Report this User

Report this user for behavior that violates our Community Guidelines.

Details: